Истинные ценности (Запись № 10413341)

Подробности
000 -МАРКЕР
контрольное поле 01272nam0a2200301 4500
001 - ИДЕНТИФИКАТОР ЗАПИСИ
контрольное поле RU\NLR\BIBL_A\010568288
005 - ИДЕНТИФИКАТОР ВЕРСИИ
контрольное поле 20250614072702.0
010 ## - МЕЖДУНАРОДНЫЙ СТАНДАРТНЫЙ НОМЕР КНИГИ (ISBN)
Номер (ISBN) 978-5-7621-0794-5
Тираж 500
021 ## - НОМЕР ГОСУДАРСТВЕННОЙ РЕГИСТРАЦИИ
Код страны Российская Федерация
Номер 2015-6081
Номер Листа государственной регистраци 382
021 ## - НОМЕР ГОСУДАРСТВЕННОЙ РЕГИСТРАЦИИ
Код страны Российская Федерация
Номер 2014-83541
Номер Листа государственной регистраци 5076
035 ## - ДРУГИЕ СИСТЕМНЫЕ НОМЕРА
Идентификатор записи (NILC)RuMoRGB-007579116
035 ## - ДРУГИЕ СИСТЕМНЫЕ НОМЕРА
Идентификатор записи (NLR Aleph) 010568288
100 ## - ДАННЫЕ ОБЩЕЙ ОБРАБОТКИ
Данные общей обработки 20141218d2014 |||y0rusy50 ca
101 0# - ЯЗЫК РЕСУРСА
Язык текста, звукозаписи и т.д. русский
102 ## - СТРАНА ПУБЛИКАЦИИ ИЛИ ПРОИЗВОДСТВА
Страна публикации Российская Федерация
105 ## - ПОЛЕ КОДИРОВАННЫХ ДАННЫХ: ТЕКСТОВЫЕ МАТЕРИАЛЫ, МОНОГРАФИЧЕСКИЕ
Кодированные данные о монографическом текстовом документе ac z 000yy
200 1# - ЗАГЛАВИЕ И СВЕДЕНИЯ ОБ ОТВЕТСТВЕННОСТИ
Основное заглавие Истинные ценности
Первые сведения об ответственности Александр Сокуров
Последующие сведения об ответственности Санкт-Петербургский Гос. ун-т профсоюзов
210 ## - ПУБЛИКАЦИЯ, РАСПРОСТРАНЕНИЕ И ДР.
Место издания, распространения и т.д. Санкт-Петербург
Имя издателя, распространителя и т. д. Санкт-Петербургский Государственный университет профсоюзов
Дата издания, распространения и т.д. 2014
215 ## - ФИЗИЧЕСКАЯ ХАРАКТЕРИСТИКА
Специфическое обозначение материала и объем 38 с., [2] л. цв. ил., портр.
Размеры 20
225 1# - СЕРИЯ
Основное заглавие серии В гостях у студентов
Обозначение тома вып. 8
600 #1 - ИМЯ ЛИЦА КАК ПРЕДМЕТ
Начальный элемент ввода Сокуров
Часть имени, кроме начального элемента ввода А.Н.
Даты 1951
Расширение инициалов личного имени Александр Николаевич
Тематический подзаголовок Интервью
Системный номер авторитетной/нормативной записи 2212310
Идентификатор авторитетной/нормативной записи RU\NLR\AUTH\6601562702
686 1# - ИНДЕКСЫ ДРУГИХ КЛАССИФИКАЦИЙ
Индекс Щ374.3(2Р)7-85Сокуров
700 #1 - ИМЯ ЛИЦА - ПЕРВИЧНАЯ ОТВЕТСТВЕННОСТЬ
Начальный элемент ввода Сокуров
Часть имени, кроме начального элемента ввода А. Н.
Даты 1951-
Расширение инициалов личного имени Александр Николаевич
942 ## - ДОПОЛНИТЕЛЬНЫЕ ЭЛЕМЕНТЫ ЗАПИСИ (АБИС)
Тип экземпляра АБИС Книга
980 ## - КОЛЛЕКЦИЯ
Название коллекции Национальная библиография
Экземпляры
Тип экземпляра Дата поступления Стоимость Библиотека постоянного хранения Библиотека текущего хранения Место хранения Шифр хранения Штрих-код Статус экземпляра Источник поступления
Книга 18.12.2014 0.00 РНБ (Московский) РНБ (Московский) Русский книжный фонд: издания с 1957 года 2014-4/15644 1-750865    
Книга 18.12.2014 0.00 РНБ (Московский) РНБ (Московский) Русский книжный фонд: издания с 1957 года 2014-4/15644 1-750864    
Книга 18.03.2015   РНБ (Московский) РНБ (Московский) Обменный фонд   1-880664   Обязательный экземпляр
Книга 18.03.2015   РНБ (Московский) РНБ (Московский) Обменный фонд   1-880665   Обязательный экземпляр